000 00430nam a2200169Ia 4500
008 210210b1972 xxu||||| |||| 00| 0 eng d
082 _a546 RASC
100 _aRASTOGI (Subhash Chandra) and others.
245 _aChemical essays. V3.Ed2.
250 _a
260 _aMeerut
_bPragati Prakashan
_c1972
300 _avi,89
440 _a3
650 _aInorganic Chemistry
690 _aInorganic Chemistry
906 _aSG00687
999 _c112123
_d112123